000 00428cam a2200169ua 4500
003 OSt
008 250101b |||||||| |||| 00| 0 eng d
020 _a81-7132-028-7
041 _aeng
082 _a621.3678
_bMAT/LA
100 _aMathur, H S .
_96680
245 _aLand resource evaluation by remote sensing /
260 _a :
_bPointer publishers ,
_c1990.
300 _a204 ; .
500 _aReference **
942 _cBK
999 _c10463
_d10463